Rozhovor s ředitelem OO ČSÚ Jablonec n. N. ing. Eduardem Durníkem.

Skúsenosti s využitím počítačov a koncepcia ich ďalšieho využívania na okresných oddeleniach a súvislosť s personálnym obsadením. Skúsenosti so sčítaním ľudu. Možnosti vytvorenia okresnej databanky. Otázky budovania systémov mestskej a obecnej štatistiky. Využívanie štatistických informácií verejnos...

Descrizione completa

Salvato in:
Dettagli Bibliografici
Autore principale: Durník, E.
Altri autori: Snopek, B., Pištora, L.
Natura: Capitolo di libro
Lingua:ceco
Soggetti:
Tags: Aggiungi Tag
Nessun Tag, puoi essere il primo ad aggiungerne!!

MARC

LEADER 00000naa a2200000 4500
001 r007440
005 20220831091011.9
041 0 |a cze 
044 |a [CS] 
245 1 0 |a Rozhovor s ředitelem OO ČSÚ Jablonec n. N. ing. Eduardem Durníkem.  |c E. Durník, B. Snopek, L. Pištora 
520 |a Skúsenosti s využitím počítačov a koncepcia ich ďalšieho využívania na okresných oddeleniach a súvislosť s personálnym obsadením. Skúsenosti so sčítaním ľudu. Možnosti vytvorenia okresnej databanky. Otázky budovania systémov mestskej a obecnej štatistiky. Využívanie štatistických informácií verejnosťou. 
610 2 0 |a využitie počítačov 
610 2 0 |a úrady štatistické 
610 2 0 |a sčítanie ľudu 
610 2 0 |a údaje štatistické 
610 2 0 |a štatistika 
610 2 0 |a koncepcie 
610 2 0 |a Čechy 
610 2 0 |a banky dát 
100 1 |a Durník, E. 
700 1 |a Snopek, B. 
700 1 |a Pištora, L.